000 00549nam a22002057a 4500
008 131129b xxu||||| |||| 00| 0 eng d
020 _a0406922381
041 0 _aeng
080 _a349.2
100 1 _aLockton, Deborah
240 _aButterworths student statutes.
245 1 0 _aEmployment Law /
_cdeborah Lockton.
250 _athird edition
260 _aLondon :
_bButterworths ;
_c2000.
300 _a967 f. :
_c24 cm.
490 _aButterworths student statutes.
500 _aPreface : f. V
650 0 _aLigji i punës
942 _2udc
_cBK
999 _c378
_d378